000 01092nam a2200265Ia 4500
003 OSt
005 20220930204355.0
006 a|||||r|||| 00| 0
007 ta
008 220926b |||||||| |||| 00| 0 hin d
024 _a10373
037 _cDissertations
040 _aCRL
_cCRL
_bhin
041 _2hin
_ahin
100 _aशुक्ल, मनीष चन्द्र, ले.
_9160783
110 _aदिल्ली विश्वविद्यालय. कला संकाय. हिन्दी विभाग
245 0 _aपत्रकारिता की नैतिकता और स्टिंग ऑपरेशन
246 _aPatrakāritā kī naitikatā aur sṭianga ऑpareshana
260 _c2012
300 _a103पृ0
_ccm.
650 _aहिन्दी साहित्य
700 _aदिल्ली विश्वविद्यालय. कला संकाय. हिन्दी विभाग
942 _cDIS
_2CC
999 _c905949
_d905949